000 00589cam a22002053a 4500
001 38878
003 PGUSA
005 20140828083847.0
008 120214s2012||||xxu|||||s|||||000 | eng d
040 _aPGUSA
_beng
042 _adc
100 1 _aJókai, Mór,
_d1825-1904
245 1 0 _aIdän kuningatar :
_bHistoriallinen kertomus
_h[electronic resource] /
_cMór Jókai
260 _bProject Gutenberg,
_c2012
506 _aPublic domain in the USA.
516 _aElectronic text
830 0 _aProject Gutenberg
_v38878
856 4 0 _uhttp://www.gutenberg.org/ebooks/38878
942 _cEB
999 _c268132
_d268132